MARC

LEADER 00000nam0a2200000 4500
001 35545
005 20231101210317.0
035 |a (RuTPU)RU\TPU\book\35979 
035 |a BOOK00002631 
090 |a 35545 
100 |a 20011210d1983 km y0rusy50 ca 
101 0 |a rus 
102 |a RU 
105 |a y z 000zy 
200 1 |a Вспомогательное оборудование паротурбинных электростанций  |f Ю. П. Соловьев 
210 |a Москва  |c Энергоатомиздат  |d 1983 
215 |a 199 с. 
606 1 |a Тепловые электрические станции  |x Вспомогательное оборудование  |2 stltpush  |3 (RuTPU)RU\TPU\subj\59611  |9 77121 
610 1 |a тепловые электростанции 
610 1 |a паротурбинные электростанции 
610 1 |a характеристики 
610 1 |a расчеты 
610 1 |a схемы 
610 1 |a топливо 
610 1 |a сжигание 
610 1 |a паротурбинные установки 
675 |a 621.311.22.002.52:621.1  |v 3 
700 1 |a Соловьев  |b Ю. П.  |g Юрий Павлович 
801 0 |a RU  |b 63413507  |c 20011210  |g PSBO 
801 2 |a RU  |b 63413507  |c 20201013  |g PSBO 
900 |a Вспомогательное оборудование котельных установок 
942 |c BK